[Event "GBR-ch89"]
[Site "Torquay"]
[Date "2002.07.30"]
[Round "2"]
[White "Ward, Christopher G"]
[Black "McShane, Luke J"]
[Result "1-0"]
[WhiteElo "2498"]
[BlackElo "2544"]
[PlyCount "137"]
[EventDate "2002.07.29"]
[EventType "swiss"]
[EventRounds "11"]
[EventCountry "GBR"]
[SourceTitle "BritBase"]
[Source "John Saunders"]
[SourceDate "2008.07.14"]
[SourceVersion "1"]
[SourceVersionDate "2008.07.14"]
[SourceQuality "2"]

1. d4 Nf6 2. c4 g6 3. f3 Bg7 4. e4 d6 5. Be3 O-O 6. Qd2 c5 7. Ne2 cxd4 8. Nxd4
Nc6 9. Nc3 Nxd4 10. Bxd4 Be6 11. Nd5 Bxd5 12. exd5 Re8 13. O-O-O a6 14. Kb1 Qd7
15. g4 b5 16. g5 Nh5 17. Bxg7 Kxg7 18. h4 bxc4 19. Bh3 Qb5 20. Qd4+ Kg8 21. Rc1
Rab8 22. Rxc4 Nf4 23. Bd7 Qxd7 24. Qxf4 Qb5 25. Qd4 e5 26. dxe6 Rxe6 27. Rhc1
Qf5+ 28. Ka1 Rbe8 29. Qf4 Re5 30. a3 a5 31. Qxf5 Rxf5 32. f4 Kg7 33. Rd1 d5 34.
Ra4 Re4 35. Rxa5 Rfxf4 36. Raxd5 Rxh4 37. b4 h6 38. gxh6+ Kxh6 39. b5 f5 40. b6
Ra4 41. Kb2 Ra8 42. Rd8 Rh2+ 43. Kb3 Rh3+ 44. R1d3 Rxd3+ 45. Rxd3 f4 46. Kc2 g5
47. b7 Rb8 48. Rb3 g4 49. Kd2 Kg5 50. Ke2 f3+ 51. Kf2 Kf4 52. Rb4+ Ke5 53. a4
Kd6 54. a5 Kc7 55. a6 g3+ 56. Kxg3 Rg8+ 57. Kxf3 Kb8 58. Re4 Ka7 59. Re6 Rf8+
60. Kg4 Rg8+ 61. Kf5 Rd8 62. Kf6 Rf8+ 63. Kg7 Rd8 64. Kf7 Rd7+ 65. Re7 Rd1 66.
Re8 Rf1+ 67. Kg6 Rg1+ 68. Kh5 Rg8 69. Rxg8 1-0

[Event "GBR-ch89"]
[Site "Torquay"]
[Date "2002.07.30"]
[Round "2"]
[White "Wu, Li"]
[Black "Koneru, Humpy"]
[Result "0-1"]
[WhiteElo "2142"]
[BlackElo "2473"]
[PlyCount "98"]
[EventDate "2002.07.29"]
[EventType "swiss"]
[EventRounds "11"]
[EventCountry "GBR"]
[SourceTitle "BritBase"]
[Source "John Saunders"]
[SourceDate "2008.07.14"]
[SourceVersion "1"]
[SourceVersionDate "2008.07.14"]
[SourceQuality "2"]

1. d4 Nf6 2. Bg5 e6 3. e4 h6 4. Bxf6 Qxf6 5. Nc3 Bb4 6. Qd2 c5 7. a3 Bxc3 8.
bxc3 d6 9. Nf3 O-O 10. e5 Qe7 11. Bd3 Nc6 12. O-O d5 13. Rfe1 Bd7 14. Qf4 Rac8
15. Re3 Na5 16. Nd2 Qg5 17. Qxg5 hxg5 18. Nb3 Nxb3 19. cxb3 cxd4 20. cxd4 Rc7
21. Kf1 Rfc8 22. Ke2 f5 23. Kd2 a6 24. a4 Rc6 25. a5 R6c7 26. Ree1 Bb5 27. Bxb5
Rc2+ 28. Kd1 axb5 29. Re2 R2c6 30. Rd2 Kf7 31. h3 Ke7 32. b4 Kd7 33. Rb1 Rc3
34. Ke2 R8c4 35. Rbb2 Ke7 36. Ke1 Kf7 37. Kf1 f4 38. Kg1 Ke8 39. Kh2 Ra3 40.
Rdc2 Rd3 41. Rxc4 dxc4 42. f3 Kd7 43. h4 gxh4 44. Kh3 Kc6 45. Kxh4 Kd5 46. Kg5
c3 47. Rc2 Kxd4 48. Kxf4 Rd2 49. Rc1 Rxg2 0-1

[Event "GBR-ch89"]
[Site "Torquay"]
[Date "2002.07.31"]
[Round "3"]
[White "Ashton, Adam"]
[Black "Ledger, David J"]
[Result "0-1"]
[WhiteElo "2152"]
[BlackElo "2271"]
[PlyCount "144"]
[EventDate "2002.07.29"]
[EventType "swiss"]
[EventRounds "11"]
[EventCountry "GBR"]
[SourceTitle "BritBase August 2004"]

1. e4 e5 2. Nf3 Nc6 3. Bc4 Bc5 4. c3 Nf6 5. d4 exd4 6. e5 d5 7. Bb5 Ne4 8. cxd4
Bb4+ 9. Bd2 Nxd2 10. Nfxd2 O-O 11. Bxc6 bxc6 12. O-O c5 13. a3 Bxd2 14. Qxd2
cxd4 15. Qxd4 c6 16. Nc3 Qb6 17. Qd2 Re8 18. Rfe1 a5 19. Na4 Qb5 20. Qd4 Ba6
21. Rac1 Re6 22. Nc5 Rg6 23. h3 Bc8 24. Kh2 Rb8 25. b3 Qb6 26. Rc3 Qc7 27. f4
Qe7 28. Qf2 Rb5 29. Rec1 h5 30. Qf3 h4 31. Qd3 Rg3 32. Qd4 Rxc3 33. Rxc3 Bf5
34. Rc1 Qd8 35. Rc3 Qe7 36. Qf2 g6 37. Qd4 Kh7 38. Qf2 Kg8 39. Qe3 Kh7 40. Rc1
Qd8 41. Qd4 Qe7 42. b4 axb4 43. axb4 Qa7 44. e6 fxe6 45. Qf6 Rxb4 46. Ra1 Qc7
47. Qxh4+ Kg7 48. Kg3 e5 49. Ra8 exf4+ 50. Kf2 Rb8 51. Rxb8 Qxb8 52. Qe7+ Kg8
53. Ne6 Qb6+ 54. Nc5 Qb2+ 55. Kg1 Qc1+ 56. Kh2 Qe3 57. Qd8+ Kg7 58. Nd7 Bxd7
59. Qxd7+ Kh6 60. Qd6 d4 61. Qf8+ Kg5 62. Qd8+ Kf5 63. Qd7+ Ke5 64. Qc7+ Kd5
65. Qd7+ Kc5 66. Qa7+ Kb4 67. Qb6+ Ka3 68. Qc5+ Kb2 69. Qb6+ Kc2 70. Qxc6+ Kd2
71. Qb5 d3 72. Qa5+ Ke2 0-1

[Event "GBR-ch89"]
[Site "Torquay"]
[Date "2002.07.31"]
[Round "3"]
[White "Buckley, Simon T"]
[Black "Littlewood, Paul"]
[Result "1/2-1/2"]
[WhiteElo "2237"]
[BlackElo "2401"]
[PlyCount "124"]
[EventDate "2002.07.29"]
[EventType "swiss"]
[EventRounds "11"]
[EventCountry "GBR"]
[SourceTitle "BritBase"]
[Source "John Saunders"]
[SourceDate "2008.07.14"]
[SourceVersion "1"]
[SourceVersionDate "2008.07.14"]
[SourceQuality "2"]

1. d4 d5 2. c4 e6 3. Nc3 Nf6 4. cxd5 exd5 5. Bg5 Be7 6. e3 c6 7. Qc2 O-O 8. Bd3
Nbd7 9. Nge2 Re8 10. O-O Nf8 11. Rab1 a5 12. a3 h6 13. Bh4 Be6 14. Na4 N8d7 15.
Nf4 Bd6 16. Bg3 Bf8 17. Rfc1 g5 18. Nxe6 Rxe6 19. Bf5 Re8 20. b4 axb4 21. axb4
Ra6 22. Nc5 Nxc5 23. bxc5 Ne4 24. Ra1 Rxa1 25. Rxa1 Nxg3 26. hxg3 Qf6 27. Rb1
Rb8 28. Bd3 h5 29. Ba6 g4 30. Rxb7 Re8 31. Qe2 Re6 32. Bd3 Qg5 33. Bc2 Rh6 34.
Qd3 h4 35. Qf5 Qxf5 36. Bxf5 hxg3 37. fxg3 Rf6 38. Bxg4 Bh6 39. Rb3 Kf8 40. Ra3
Ke7 41. Ra7+ Kd8 42. Ra3 Kc7 43. Bf3 Re6 44. Kf2 Kb7 45. Bg4 Rf6+ 46. Ke2 Rg6
47. Bf5 Rxg3 48. Kf2 Rg8 49. Bd7 Bg5 50. Kf3 Rd8 51. Bf5 Re8 52. Rd3 Kc7 53.
Bh7 Rh8 54. Bf5 Ra8 55. e4 dxe4+ 56. Bxe4 Ra4 57. d5 cxd5 58. Bxd5 Be7 59. c6
Ra3 60. Ke4 Rxd3 61. Kxd3 f6 62. Ke4 Ba3 1/2-1/2

[Event "GBR-ch89"]
[Site "Torquay"]
[Date "2002.07.31"]
[Round "3"]
[White "Burnett, James"]
[Black "Devereaux, Max"]
[Result "0-1"]
[WhiteElo "2199"]
[BlackElo "2268"]
[PlyCount "90"]
[EventDate "2002.07.29"]
[EventType "swiss"]
[EventRounds "11"]
[EventCountry "GBR"]
[SourceTitle "BritBase"]
[Source "John Saunders"]
[SourceDate "2008.07.14"]
[SourceVersion "1"]
[SourceVersionDate "2008.07.14"]
[SourceQuality "2"]

1. d4 d5 2. c4 c6 3. Nf3 Nf6 4. Nc3 dxc4 5. a4 Bf5 6. Ne5 Na6 7. Nxc4 Nb4 8.
Na3 e5 9. dxe5 Ng4 10. Qxd8+ Rxd8 11. Bf4 Nd5 12. Bd2 Bc5 13. e3 Nb4 14. Be2
Nxe5 15. Bc1 Ned3+ 16. Bxd3 Nxd3+ 17. Ke2 O-O 18. Rd1 Rfe8 19. h3 Nf4+ 20. Kf1
Rxd1+ 21. Nxd1 Rd8 22. Nc3 Bd3+ 23. Kg1 Ne2+ 24. Kh2 Bd6+ 25. g3 h5 26. Bd2 h4
27. Nxe2 Bxe2 28. Re1 Bxg3+ 29. fxg3 hxg3+ 30. Kxg3 Rxd2 31. b3 Ra2 32. Nb1 Bd3
33. Rd1 Bf5 34. Rd8+ Kh7 35. Nd2 Rb2 36. h4 Be6 37. Rd3 a5 38. Kf4 b5 39. Ke5
bxa4 40. bxa4 Rb4 41. Nf3 Bd5 42. Nd4 Rxa4 43. e4 f6+ 44. Kf5 Bxe4+ 45. Kxe4 c5
0-1

[Event "GBR-ch89"]
[Site "Torquay"]
[Date "2002.07.31"]
[Round "3"]
[White "Collins, Sam IRL"]
[Black "Howell, David W"]
[Result "1-0"]
[WhiteElo "2313"]
[BlackElo "2211"]
[PlyCount "87"]
[EventDate "2002.07.29"]
[EventType "swiss"]
[EventRounds "11"]
[EventCountry "GBR"]
[SourceTitle "BritBase"]
[Source "John Saunders"]
[SourceDate "2008.07.14"]
[SourceVersion "1"]
[SourceVersionDate "2008.07.14"]
[SourceQuality "2"]

1. e4 e5 2. Nf3 Nc6 3. d4 exd4 4. Nxd4 Bc5 5. Nxc6 Qf6 6. Qd2 dxc6 7. Nc3 Bd4
8. Bd3 Nh6 9. h3 Qe5 10. O-O Bxh3 11. Ne2 Be6 12. Nxd4 Qxd4 13. Qf4 Qd6 14.
Qxd6 cxd6 15. Bxh6 gxh6 16. f4 Bg4 17. Kf2 h5 18. Rae1 Kd7 19. Re3 Rae8 20.
Rfe1 f6 21. a4 a5 22. Bc4 f5 23. e5 d5 24. Bf1 Ke6 25. Rb3 Re7 26. c4 d4 27. c5
Kd5 28. Rc1 Rd8 29. g3 Ke6 30. Bc4+ Kd7 31. Rxb7+ Ke8 32. Rb3 Kd7 33. Rd3 Kc7
34. Rc2 Red7 35. Rcd2 Kb8 36. b3 Kc7 37. e6 Rg7 38. Rxd4 Rxd4 39. Rxd4 Bh3 40.
Rd6 Bg4 41. Bf1 h4 42. gxh4 Bh5 43. Bh3 Bg4 44. Bg2 1-0

[Event "GBR-ch89"]
[Site "Torquay"]
[Date "2002.07.31"]
[Round "3"]
[White "D'Costa, Lorin"]
[Black "Evans-Quek, Debbie"]
[Result "1-0"]
[WhiteElo "2254"]
[BlackElo "2069"]
[PlyCount "97"]
[EventDate "2002.07.29"]
[EventType "swiss"]
[EventRounds "11"]
[EventCountry "GBR"]
[SourceTitle "BritBase"]
[Source "John Saunders"]
[SourceDate "2008.07.14"]
[SourceVersion "1"]
[SourceVersionDate "2008.07.14"]
[SourceQuality "2"]

1. d4 g6 2. Nc3 Bg7 3. Nf3 d6 4. e4 a6 5. Be3 b5 6. Bd3 Nd7 7. a4 b4 8. Ne2 Bb7
9. a5 Ngf6 10. Ng3 c5 11. c3 bxc3 12. bxc3 O-O 13. h3 Qc7 14. O-O Rfb8 15. Qe2
Bc8 16. Ra3 d5 17. e5 c4 18. Bc2 Ne8 19. h4 Nf8 20. Nh2 e6 21. Ng4 Qe7 22. Ra2
Qxh4 23. Qf3 Ra7 24. Ne2 Rbb7 25. g3 Qd8 26. Nh6+ Kh8 27. Kg2 f5 28. exf6 Qxf6
29. Qg4 Bxh6 30. Bxh6 Nd6 31. Bg5 Qf7 32. Bf4 Nf5 33. Rh1 Kg8 34. Qf3 Nd7 35.
g4 Ng7 36. Rh6 Nf8 37. Qg3 Ne8 38. Bb8 Ra8 39. Be5 Raa7 40. Nf4 Nf6 41. f3 N6d7
42. Bd6 Qg7 43. g5 e5 44. dxe5 Nxe5 45. Nxd5 Nd3 46. Nf6+ Kh8 47. Bxd3 cxd3 48.
Nxh7 Qf7 49. Be5+ 1-0

[Event "GBR-ch89"]
[Site "Torquay"]
[Date "2002.07.31"]
[Round "3"]
[White "Dorrington, Christopher"]
[Black "Gregory, Stephen J"]
[Result "1-0"]
[WhiteElo "2218"]
[BlackElo "2173"]
[PlyCount "104"]
[EventDate "2002.07.29"]
[EventType "swiss"]
[EventRounds "11"]
[EventCountry "GBR"]
[SourceTitle "BritBase"]
[Source "John Saunders"]
[SourceDate "2008.07.14"]
[SourceVersion "1"]
[SourceVersionDate "2008.07.14"]
[SourceQuality "2"]

1. e4 d5 2. exd5 Qxd5 3. Nc3 Qa5 4. d4 Nf6 5. Bc4 c6 6. Bd2 Qb6 7. Nf3 Bf5 8.
O-O e6 9. Bb3 Be7 10. Na4 Qc7 11. c4 O-O 12. Qe2 Na6 13. Bg5 h6 14. Bh4 Qf4 15.
Bg3 Qe4 16. Qd2 Rfd8 17. Nc3 Qg4 18. h3 Qh5 19. Ne5 Bc5 20. Bd1 Rxd4 21. Qxd4
Bxd4 22. Bxh5 Nxh5 23. Rfd1 Bxc3 24. bxc3 Nf6 25. f3 Nc5 26. Bf2 Na4 27. Rac1
Ne8 28. g4 Bh7 29. c5 f6 30. Nc4 e5 31. Rd7 b5 32. Na5 Rc8 33. Rxa7 Bd3 34. c4
Nb2 35. cxb5 Bxb5 36. Nb3 f5 37. gxf5 Nf6 38. Rc2 Na4 39. Re7 Bd3 40. Rd2 Bxf5
41. Rxe5 Bxh3 42. Kh2 Bf1 43. Bd4 Bc4 44. Re7 Rf8 45. Ra7 Bb5 46. Bxf6 Rxf6 47.
Rd8+ Kh7 48. Rdd7 Rg6 49. f4 Kg8 50. f5 Rg5 51. f6 Nxc5 52. f7+ Kh7 1-0

[Event "GBR-ch89"]
[Site "Torquay"]
[Date "2002.07.31"]
[Round "3"]
[White "Douglas, Timothy"]
[Black "Tan, Desmond"]
[Result "0-1"]
[WhiteElo "2174"]
[BlackElo "2292"]
[PlyCount "62"]
[EventDate "2002.07.29"]
[EventType "swiss"]
[EventRounds "11"]
[EventCountry "GBR"]
[SourceTitle "BritBase"]
[Source "John Saunders"]
[SourceDate "2008.07.14"]
[SourceVersion "1"]
[SourceVersionDate "2008.07.14"]
[SourceQuality "2"]

1. e4 c5 2. Nc3 Nc6 3. f4 g6 4. Nf3 Bg7 5. Bb5 Nd4 6. Bd3 d6 7. Nxd4 cxd4 8.
Ne2 Nf6 9. O-O O-O 10. Qe1 Nd7 11. Ng3 Qc7 12. c3 b6 13. Qf2 Nc5 14. Bc4 Nxe4
15. Bxf7+ Rxf7 16. Nxe4 h6 17. d3 d5 18. Ng3 dxc3 19. bxc3 Qxc3 20. Be3 Qxd3
21. Rad1 Qb5 22. Qf3 e6 23. f5 exf5 24. Rxd5 Qe8 25. Rd3 Ba6 26. Qd1 Bxd3 27.
Qxd3 Rd8 28. Qb3 Qxe3+ 29. Qxe3 Bd4 30. Qxd4 Rxd4 31. Re1 Rd2 0-1

[Event "GBR-ch89"]
[Site "Torquay"]
[Date "2002.07.31"]
[Round "3"]
[White "Eames, Robert S"]
[Black "Taylor, Robert M"]
[Result "1-0"]
[WhiteElo "2310"]
[BlackElo "2195"]
[PlyCount "79"]
[EventDate "2002.07.29"]
[EventType "swiss"]
[EventRounds "11"]
[EventCountry "GBR"]
[SourceTitle "BritBase August 2004"]

1. e4 c6 2. d4 d5 3. e5 Bf5 4. Nc3 e6 5. g4 Bg6 6. Nge2 c5 7. h4 h6 8. Be3 cxd4
9. Nxd4 Nc6 10. Bb5 Nge7 11. f4 a6 12. Ba4 b5 13. Ncxb5 axb5 14. Bxb5 Qd7 15.
O-O Be4 16. f5 Rb8 17. a4 Rxb5 18. axb5 Nxe5 19. fxe6 fxe6 20. Ra8+ Nc8 21. Qa1
Bd6 22. Qa6 Nxg4 23. Rxc8+ Ke7 24. Nc6+ Qxc6 25. Rf7+ Kxf7 26. bxc6 Bh2+ 27.
Kf1 Rxc8 28. Qxc8 Nxe3+ 29. Ke2 Nxc2 30. c7 Nd4+ 31. Kf2 Bxc7 32. Qxc7+ Kf6 33.
b4 g6 34. Qd8+ Kf7 35. Qh8 Nb5 36. Ke3 Bf5 37. Qb8 d4+ 38. Kf4 Nc3 39. Ke5 Ne2
40. Qc7+ 1-0

[Event "GBR-ch89"]
[Site "Torquay"]
[Date "2002.07.31"]
[Round "3"]
[White "Evans-Quek, Suan"]
[Black "White, Ian G"]
[Result "1-0"]
[WhiteElo "2268"]
[BlackElo "2015"]
[PlyCount "91"]
[EventDate "2002.07.29"]
[EventType "swiss"]
[EventRounds "11"]
[EventCountry "GBR"]
[SourceTitle "BritBase"]
[Source "John Saunders"]
[SourceDate "2008.07.14"]
[SourceVersion "1"]
[SourceVersionDate "2008.07.14"]
[SourceQuality "2"]

1. g3 Nf6 2. Bg2 d5 3. d3 c5 4. e4 Nc6 5. exd5 Nxd5 6. Nc3 Nxc3 7. bxc3 Qa5 8.
Bd2 g6 9. c4 Qa4 10. Bc3 Nd4 11. Ne2 e5 12. Nxd4 cxd4 13. Bd2 Bb4 {(=)} 14. O-O
Bxd2 15. Qxd2 O-O 16. Rfe1 f6 17. Bd5+ Kg7 18. f4 Qe8 19. Rab1 Qe7 20. Qe2 Re8
21. fxe5 fxe5 22. Rf1 Qg5 23. Rf7+ Kh6 24. Qf1 Rb8 25. Rxh7+ Kxh7 26. Qf7+ Kh6
27. Qxe8 Qe3+ 28. Kh1 Bg4 29. Qxb8 Bf3+ 30. Bxf3 Qxf3+ 31. Kg1 Qe3+ 32. Kf1
Qf3+ 33. Ke1 Qh1+ 34. Kd2 Qxb1 35. Qh8+ Kg5 36. Qxe5+ Kg4 37. Qe6+ Kg5 38. Qe5+
Kg4 39. Qxd4+ Kh3 40. Qh4+ Kg2 41. g4 Qxa2 42. Qg3+ Kf1 43. Qf3+ Kg1 44. h4
Qa5+ 45. Ke2 Qc3 46. Qg3+ 1-0

[Event "GBR-ch89"]
[Site "Torquay"]
[Date "2002.07.31"]
[Round "3"]
[White "Gallagher, Joseph G"]
[Black "Sasikiran, Krishnan"]
[Result "1/2-1/2"]
[WhiteElo "2517"]
[BlackElo "2650"]
[PlyCount "61"]
[EventDate "2002.07.29"]
[EventType "swiss"]
[EventRounds "11"]
[EventCountry "GBR"]
[SourceTitle "BritBase"]
[Source "John Saunders"]
[SourceDate "2008.07.14"]
[SourceVersion "1"]
[SourceVersionDate "2008.07.14"]
[SourceQuality "2"]

1. e4 c6 2. d4 d5 3. Nc3 dxe4 4. Nxe4 Nd7 5. Ng5 Ngf6 6. Bd3 e6 7. N1f3 Bd6 8.
Qe2 h6 9. Ne4 Nxe4 10. Qxe4 Qc7 11. Qg4 Kf8 12. O-O b6 13. Re1 c5 14. c3 Bb7
15. h4 c4 16. Bc2 b5 17. Qh3 Ke7 18. Nd2 Nf6 19. Ne4 Nxe4 20. Bxe4 Rhe8 21. Qf3
Rab8 22. Bxb7 Qxb7 23. Re4 Kf8 24. Bf4 Bxf4 25. Qxf4 b4 26. Rae1 bxc3 27. bxc3
Kg8 28. R1e3 Qd7 29. Rg3 Kh8 30. Re5 f6 31. Ra5 1/2-1/2

[Event "GBR-ch89"]
[Site "Torquay"]
[Date "2002.07.31"]
[Round "3"]
[White "Ganguly, Surya Shekhar"]
[Black "Kunte, Abhijit"]
[Result "1/2-1/2"]
[WhiteElo "2524"]
[BlackElo "2477"]
[PlyCount "43"]
[EventDate "2002.07.29"]
[EventType "swiss"]
[EventRounds "11"]
[EventCountry "GBR"]
[SourceTitle "BritBase"]
[Source "John Saunders"]
[SourceDate "2008.07.14"]
[SourceVersion "1"]
[SourceVersionDate "2008.07.14"]
[SourceQuality "2"]

1. e4 c5 2. Nf3 e6 3. d4 cxd4 4. Nxd4 Nf6 5. Nc3 d6 6. Be2 Be7 7. O-O O-O 8. f4
Nc6 9. Be3 a6 10. a4 Bd7 11. Kh1 Rc8 12. Bf3 Na5 13. e5 Ne8 14. Qe1 Qc7 15. Nf5
Bd8 16. exd6 Nxd6 17. Nxd6 Qxd6 18. Ne4 Qc7 19. Rd1 Bxa4 20. Bc5 Bxc2 21. Bxf8
Kxf8 22. Rc1 1/2-1/2

[Event "GBR-ch89"]
[Site "Torquay"]
[Date "2002.07.31"]
[Round "3"]
[White "Grant, Jonathan"]
[Black "Hanley, Craig A"]
[Result "1/2-1/2"]
[WhiteElo "2201"]
[BlackElo "2331"]
[PlyCount "149"]
[EventDate "2002.07.29"]
[EventType "swiss"]
[EventRounds "11"]
[EventCountry "GBR"]
[SourceTitle "BritBase"]
[Source "John Saunders"]
[SourceDate "2008.07.14"]
[SourceVersion "1"]
[SourceVersionDate "2008.07.14"]
[SourceQuality "2"]

1. c4 Nf6 2. Nc3 e5 3. Nf3 Nc6 4. g3 Bb4 5. Nd5 Bc5 6. Bg2 O-O 7. O-O d6 8. d3
h6 9. a3 a5 10. Bd2 Nxd5 11. cxd5 Ne7 12. Qb3 Bb6 13. Bc3 Ng6 14. d4 e4 15. Nd2
a4 16. Qc2 f5 17. Nc4 c6 18. dxc6 bxc6 19. Nxb6 Qxb6 20. Bb4 Rf6 21. Rac1 d5
22. Qc5 Qd8 23. f3 e3 24. f4 Ba6 25. Bf3 Bb5 26. Rc3 Re6 27. b3 Ne7 28. bxa4
Bxa4 29. Kh1 Kh7 30. Bg2 Qe8 31. Qb6 Ng8 32. Bc5 Bb5 33. Bf3 Nf6 34. Rc2 Qc8
35. Bb4 Ba4 36. Qc5 Bxc2 37. Qxc2 Ne4 38. Rc1 Qa6 39. Kg2 Rae8 40. Rb1 g5 41.
fxg5 hxg5 42. Bc5 Kg6 43. h3 Rf6 44. g4 Qc8 45. Rf1 Qb8 46. gxf5+ Rxf5 47. Bxe4
Rxe4 48. Rf3 g4 49. hxg4 Rxg4+ 50. Kf1 Rgf4 51. Bb4 Rxf3+ 52. exf3 Qb5+ 53. Ke1
Kf6 54. Qe2 Qb8 55. Qxe3 Qg3+ 56. Ke2 Qg2+ 57. Qf2 Qg7 58. Qh4+ Ke6 59. Kf2 Kd7
60. Bc5 Qf7 61. Qg3 Kc8 62. a4 Kb7 63. a5 Ka6 64. Qh3 Kb7 65. Qh1 Rf6 66. Qb1+
Kc8 67. Qd3 Qb7 68. Qe2 Kd8 69. Bb6+ Kd7 70. Qe5 Re6 71. Qg7+ Re7 72. Qg4+ Re6
73. Qg7+ Re7 74. Qg4+ Re6 75. Qg7+ 1/2-1/2

[Event "GBR-ch89"]
[Site "Torquay"]
[Date "2002.07.31"]
[Round "3"]
[White "Hebden, Mark L"]
[Black "Snape, Ian L"]
[Result "1/2-1/2"]
[WhiteElo "2534"]
[BlackElo "2202"]
[PlyCount "83"]
[EventDate "2002.07.29"]
[EventType "swiss"]
[EventRounds "11"]
[EventCountry "GBR"]
[SourceTitle "BritBase"]
[Source "John Saunders"]
[SourceDate "2008.07.14"]
[SourceVersion "1"]
[SourceVersionDate "2008.07.14"]
[SourceQuality "2"]

1. d4 Nf6 2. Nf3 g6 3. Nc3 c5 4. d5 d6 5. e4 Bg7 6. Be2 Na6 7. O-O Nc7 8. a4
O-O 9. Nd2 b6 10. Nc4 Rb8 11. Bf4 Nd7 12. Qd2 Ne5 13. Nxe5 dxe5 14. Bh6 a6 15.
Bxg7 Kxg7 16. f4 Qd6 17. f5 Bd7 18. Bg4 b5 19. axb5 axb5 20. Nd1 Ne8 21. Qg5
Nf6 22. Qh4 Ra8 23. Rxa8 Rxa8 24. Ne3 Ra4 25. fxg6 hxg6 26. Bxd7 Qxd7 27. Qg5
Nxe4 28. Qxe5+ f6 29. Qb8 c4 30. Qf4 Nd6 31. c3 Qa7 32. g4 Ra1 33. Kg2 Rxf1 34.
Nxf1 Qa1 35. Qd2 Qb1 36. Ng3 Kf7 37. Qe2 Kf8 38. h4 Qc1 39. Kh3 Qf4 40. Qc2 Kf7
41. Qe2 Kf8 42. Qc2 1/2-1/2

[Event "GBR-ch89"]
[Site "Torquay"]
[Date "2002.07.31"]
[Round "3"]
[White "Koneru, Humpy"]
[Black "Simpson, James"]
[Result "1-0"]
[WhiteElo "2473"]
[BlackElo "2245"]
[PlyCount "75"]
[EventDate "2002.07.29"]
[EventType "swiss"]
[EventRounds "11"]
[EventCountry "GBR"]
[SourceTitle "BritBase"]
[Source "John Saunders"]
[SourceDate "2008.07.14"]
[SourceVersion "1"]
[SourceVersionDate "2008.07.14"]
[SourceQuality "2"]

1. d4 d5 2. c4 e6 3. Nc3 Be7 4. Nf3 Nf6 5. cxd5 exd5 6. Bg5 c6 7. Qc2 Nbd7 8.
e3 O-O 9. Bd3 Re8 10. O-O h6 11. Bf4 Nf8 12. h3 Ne6 13. Be5 Bd6 14. Bxd6 Qxd6
15. Rab1 a5 16. a3 b6 17. Rfc1 c5 18. dxc5 Nxc5 19. Rd1 Qe6 20. Nd4 Qe5 21. Bb5
Rf8 22. Bc6 Ra7 23. Rbc1 Be6 24. Qe2 Re7 25. Qb5 Nce4 26. Nxe4 Nxe4 27. f4 Qh5
28. Qe2 Qg6 29. Qf3 Qf6 30. f5 Bc8 31. Bxd5 Ng5 32. Qf2 Re5 33. Rc6 Nxh3+ 34.
gxh3 Qg5+ 35. Bg2 Bb7 36. Nf3 Qh5 37. Rxb6 Bxf3 38. Qxf3 1-0

[Event "GBR-ch89"]
[Site "Torquay"]
[Date "2002.07.31"]
[Round "3"]
[White "Lalic, Bogdan"]
[Black "Mutton, Jonathan"]
[Result "1-0"]
[WhiteElo "2540"]
[BlackElo "2211"]
[PlyCount "75"]
[EventDate "2002.07.29"]
[EventType "swiss"]
[EventRounds "11"]
[EventCountry "GBR"]
[SourceTitle "BritBase"]
[Source "John Saunders"]
[SourceDate "2008.07.14"]
[SourceVersion "1"]
[SourceVersionDate "2008.07.14"]
[SourceQuality "2"]

1. d4 Nf6 2. c4 e6 3. Nf3 Bb4+ 4. Bd2 Be7 5. Nc3 d5 6. Bg5 dxc4 7. e4 O-O 8.
Bxc4 h6 9. Bxf6 Bxf6 10. e5 Be7 11. Qe2 c6 12. h4 Nd7 13. O-O-O Re8 14. Kb1 b5
15. Bd3 b4 16. Ne4 a5 17. Ng3 Qb6 18. Qe4 Nf8 19. Qg4 Ba6 20. Be4 Ra7 21. Nh5
g6 22. Qf4 Nh7 23. Qxh6 Bf8 24. Qf4 gxh5 25. Rh3 Bg7 26. Rg3 Nf8 27. Qg5 Ng6
28. Bxg6 fxg6 29. Qxg6 Ree7 30. Ng5 Be2 31. Ne4 Bg4 32. Nf6+ Kf8 33. Nxg4 hxg4
34. h5 Bh8 35. Rxg4 Rg7 36. Qh6 Kg8 37. Qxe6+ Raf7 38. Rxg7+ 1-0

[Event "GBR-ch89"]
[Site "Torquay"]
[Date "2002.07.31"]
[Round "3"]
[White "Lee, Graham D"]
[Black "Wu, Li"]
[Result "1-0"]
[WhiteElo "2361"]
[BlackElo "2142"]
[PlyCount "85"]
[EventDate "2002.07.29"]
[EventType "swiss"]
[EventRounds "11"]
[EventCountry "GBR"]
[SourceTitle "BritBase"]
[Source "John Saunders"]
[SourceDate "2008.07.14"]
[SourceVersion "1"]
[SourceVersionDate "2008.07.14"]
[SourceQuality "2"]

1. e4 c5 2. c3 e6 3. d4 d5 4. e5 Qb6 5. Nf3 Nc6 6. a3 Nh6 7. b4 cxd4 8. cxd4
Nf5 9. Bb2 Be7 10. Bd3 a5 11. Bxf5 exf5 12. Nc3 Be6 13. b5 a4 14. O-O Na5 15.
Qxa4 O-O 16. Rfb1 Rfc8 17. Qd1 Nc4 18. Bc1 Nxa3 19. Bxa3 Rxa3 20. Rxa3 Bxa3 21.
Qb3 Bf8 22. h4 h6 23. Ne2 Rc4 24. Qd3 Be7 25. h5 Kh8 26. Nd2 Rb4 27. Rxb4 Bxb4
28. Nb1 Kg8 29. Nbc3 Kh8 30. Nf4 Bxc3 31. Qxc3 Qxb5 32. Nxe6 fxe6 33. Qc8+ Kh7
34. Qxe6 Qb1+ 35. Kh2 Qe4 36. Qg6+ Kg8 37. e6 Qf4+ 38. Kh3 Qg5 39. Qf7+ Kh7 40.
g3 Qg4+ 41. Kh2 Qf3 42. Kg1 f4 43. e7 1-0

[Event "GBR-ch89"]
[Site "Torquay"]
[Date "2002.07.31"]
[Round "3"]
[White "Meenakshi, Subbaraman"]
[Black "Summerscale, Aaron"]
[Result "1/2-1/2"]
[WhiteElo "2266"]
[BlackElo "2509"]
[PlyCount "81"]
[EventDate "2002.07.29"]
[EventType "swiss"]
[EventRounds "11"]
[EventCountry "GBR"]
[SourceTitle "BritBase"]
[Source "John Saunders"]
[SourceDate "2008.07.14"]
[SourceVersion "1"]
[SourceVersionDate "2008.07.14"]
[SourceQuality "2"]

1. d4 Nf6 2. c4 g6 3. Nf3 Bg7 4. g3 O-O 5. Bg2 d6 6. O-O Nbd7 7. Nc3 e5 8. e4
a6 9. Re1 exd4 10. Nxd4 Re8 11. b3 Rb8 12. Bb2 Ne5 13. f4 c5 14. Nf3 Nxf3+ 15.
Bxf3 b5 16. Qd3 bxc4 17. Qxc4 Rb4 18. Qf1 Nxe4 19. Bxe4 Bd4+ 20. Kh1 Bxc3 21.
Bxc3 Rbxe4 22. Rxe4 Rxe4 23. Re1 Qe8 24. Kg1 Bb7 25. Kf2 d5 26. Rxe4 Qxe4 27.
Qe2 f5 28. Qxe4 dxe4 29. Be5 Bd5 30. Bd6 c4 31. bxc4 Bxc4 32. a3 Kg7 33. Ke3
Kh6 34. g4 fxg4 35. Kxe4 Ba2 36. Be5 Kh5 37. Bf6 Bb1+ 38. Ke3 Bf5 39. Kf2 Bc8
40. Kg3 Bd7 41. Be7 1/2-1/2

[Event "GBR-ch89"]
[Site "Torquay"]
[Date "2002.07.31"]
[Round "3"]
[White "Muir, Andrew J"]
[Black "Turner, Matthew J"]
[Result "1/2-1/2"]
[WhiteElo "2294"]
[BlackElo "2519"]
[PlyCount "28"]
[EventDate "2002.07.29"]
[EventType "swiss"]
[EventRounds "11"]
[EventCountry "GBR"]
[SourceTitle "BritBase"]
[Source "John Saunders"]
[SourceDate "2008.07.14"]
[SourceVersion "1"]
[SourceVersionDate "2008.07.14"]
[SourceQuality "2"]

1. d4 Nf6 2. c4 e6 3. Nc3 Bb4 4. e3 c5 5. Nge2 cxd4 6. exd4 d5 7. c5 e5 8. dxe5
Ne4 9. a3 Nxc3 10. Nxc3 Bxc3+ 11. bxc3 Nc6 12. Bb5 Qa5 13. Bxc6+ bxc6 14. O-O
Qxc3 1/2-1/2